Linear algebra with applications (Record no. 4126)
[ view plain ]
| 000 -LEADER | |
|---|---|
| fixed length control field | 00595 a2200193 4500 |
| 020 ## - INTERNATIONAL STANDARD BOOK NUMBER | |
| International Standard Book Number | 9780763746315 |
| 020 ## - INTERNATIONAL STANDARD BOOK NUMBER | |
| International Standard Book Number | 0763746312 |
| 040 ## - CATALOGING SOURCE | |
| Original cataloging agency | DLC |
| Language of cataloging | DLC |
| 082 00 - DEWEY DECIMAL CLASSIFICATION NUMBER | |
| Classification number | 512.5 |
| 100 1# - MAIN ENTRY--PERSONAL NAME | |
| Personal name | Williams, Gareth, |
| 245 10 - TITLE STATEMENT | |
| Title | Linear algebra with applications |
| Statement of responsibility, etc. | Gareth Williams |
| 250 ## - EDITION STATEMENT | |
| Edition statement | 6th ed. |
| 260 ## - PUBLICATION, DISTRIBUTION, ETC. | |
| Place of publication, distribution, etc. | Sudbury, Mass. : |
| Name of publisher, distributor, etc. | Jones and Bartlett Publishers, |
| Date of publication, distribution, etc. | c2008. |
| 300 ## - PHYSICAL DESCRIPTION | |
| Extent | xvi, 544 p. : |
| Other physical details | col. ill. ; |
| Dimensions | 29 cm. |
| 500 ## - GENERAL NOTE | |
| General note | Includes index. |
| 650 #0 - SUBJECT ADDED ENTRY--TOPICAL TERM | |
| Topical term or geographic name entry element | Algebras, Linear |
| 856 41 - ELECTRONIC LOCATION AND ACCESS | |
| Materials specified | Table of contents only |
| Uniform Resource Identifier | <a href="http://www.loc.gov/catdir/toc/ecip0719/2007022302.html">http://www.loc.gov/catdir/toc/ecip0719/2007022302.html</a> |
| 942 ## - ADDED ENTRY ELEMENTS (KOHA) | |
| Koha item type | Book |
| Call number prefix | 512.5 WIL |
| Source of classification or shelving scheme | |
| Withdrawn status | Lost status | Damaged status | Not for loan | Collection code | Permanent Location | Current Location | Shelving location | Date acquired | Source of acquisition | Cost, normal purchase price | Total Checkouts | Total Renewals | Full call number | Barcode | Checked out | Date last seen | Date last checked out | Price effective from | Koha item type |
|---|---|---|---|---|---|---|---|---|---|---|---|---|---|---|---|---|---|---|---|
| Central Library (CL) | Central Library (CL) | General Stacks | 12/04/2007 | Progressive International Agencies | 7811.50 | 14 | 19 | 512.5 WIL | SEECS008759 | 05/15/2026 | 06/01/2024 | 01/11/2024 | 01/05/2017 | Book | |||||
| Central Library (CL) | Central Library (CL) | General Stacks | 12/04/2007 | Progressive International Agencies | 7811.50 | 10 | 4 | 512.5 WIL | SEECS008760 | 05/14/2026 | 04/14/2026 | 04/14/2026 | 01/05/2017 | Book | |||||
| Central Library (CL) | Central Library (CL) | General Stacks | 12/13/2007 | Progressive International Agencies | 7811.50 | 15 | 11 | 512.5 WIL | SEECS008800 | 05/30/2025 | 01/31/2024 | 01/05/2017 | Book | ||||||
| Central Library (CL) | Central Library (CL) | General Stacks | 12/04/2007 | Progressive International Agencies | 7811.50 | 10 | 5 | 512.5 WIL | SEECS008762 | 05/31/2025 | 03/22/2021 | 01/05/2017 | Book | ||||||
| Central Library (CL) | Central Library (CL) | General Stacks | 12/13/2007 | Progressive International Agencies | 7811.50 | 6 | 5 | 512.5 WIL | SEECS008801 | 07/16/2025 | 05/14/2025 | 01/05/2017 | Book | ||||||
| Central Library (CL) | Central Library (CL) | General Stacks | 12/04/2007 | Progressive International Agencies | 7811.50 | 15 | 13 | 512.5 WIL | SEECS008761 | 05/06/2026 | 03/02/2026 | 03/02/2026 | 01/05/2017 | Book | |||||
| Central Library (CL) | Central Library (CL) | General Stacks | 12/13/2007 | Progressive International Agencies | 7811.50 | 6 | 4 | 512.5 WIL | SEECS008799 | 03/18/2025 | 02/23/2021 | 01/05/2017 | Book | ||||||
| Central Library (CL) | Central Library (CL) | General Stacks | 12/13/2007 | Progressive International Agencies | 7811.50 | 10 | 8 | 512.5 WIL | SEECS008802 | 05/26/2021 | 04/26/2021 | 04/26/2021 | 01/05/2017 | Book |
